England, Scotland or Wales? — Click Quiz #5 - Statistics

General Stats
  • This quiz has been taken 323 times
  • The average score is 15 of 21
Answer Stats
Hint Answer % Correct
Tamworth England
94%
Aberystwyth Wales
93%
Oban Scotland
92%
Matlock England
90%
Skegness England
89%
Gretna Scotland
88%
Montrose Scotland
87%
Whitehaven England
79%
Bude England
78%
Coalville England
77%
Thurso Scotland
73%
Blyth England
72%
Portishead England
72%
Filey England
71%
Connah's Quay Wales
70%
Haverfordwest Wales
70%
Peterhead Scotland
65%
Coatbridge Scotland
52%
Broxburn Scotland
51%
Montgomery Wales
42%
Lydd England
38%
No matching quizzes found
Score Distribution
Percent of People with Each Score
Percentile by Number Answered
Your Score History
You have not taken this quiz